000 00855nam a2200265Ia 4500
003 OSt
005 20250530122227.0
008 210210b2015 xxu||||| |||| 00| 0 eng d
040 _cAL
041 _aKannada
082 _a954.871K SHRT
100 _aSHRIKRISHNA BHATT (Arthikaje)
_dಶ್ರೀಕೃಷ್ಣ ಭಟ್ (ಅರ್ತಿಕಜೆ)
_9211798
245 _aTulunada ithihasa: kri sha 2 neya shatamana
_bತುಳುನಾಡ ಇತಿಹಾಸ: ಕ್ರಿ ಶ 2ನೇ ಶತಮಾನ
260 _aMangaluru
_bKarnataka Tulu Sahitya Academy
_c2015
300 _axx,88
650 _aTulunada
_9211799
650 _ashatamana
_9211800
650 _asha
_9211801
650 _akri
_9211802
650 _aithihasa:
_9211803
650 _a2neya
_9211804
690 _aDakshina Kannada
_9211805
906 _a071487
942 _2ddc
_cBK
999 _c121261
_d121261